| 000 | 00482nam a2200157 i 4500 | ||
|---|---|---|---|
| 001 | 100136 | ||
| 003 | ES-MaACL | ||
| 005 | 20230906182620.0 | ||
| 007 | t| | ||
| 008 | 050922s1925 sp ||||1| spa d | ||
| 100 | 1 |
_aMartínez Strong, Pablo. _978439 |
|
| 245 | 1 | 0 |
_aMecánica _b: (oposiciones cuerpo pericial de Aduanas) / _cpor Pablo Martínez Strong. |
| 260 |
_aMadrid : _bReus, _c1925. |
||
| 300 |
_a157 p. con 4 lám. pleg. ; _c24 cm. |
||
| 852 |
_aES-MaACL _jF-15504 _bR.19747 |
||
| 999 |
_c100136 _d100136 |
||